| 000 | 00527nam a22001817a 4500 | ||
|---|---|---|---|
| 003 | CEME | ||
| 005 | 20210628202016.0 | ||
| 008 | 210223b xxu||||| |||| 00| 0 eng d | ||
| 020 | _a0-07-038302-2 | ||
| 040 | _c. | ||
| 082 | _a671.03 ILL | ||
| 100 |
_aKrar, Steve F _957846 |
||
| 245 | _aIllustrated dictionary of metalworking and manufacturing technology | ||
| 260 |
_aNEW YORK _bMCGRAW HILL _c1999 |
||
| 300 | _aX,325P | ||
| 650 |
_aMETAL WORK-DICTIONARIES MANUFACTURING PROCESSES-DICTIONARIES _957847 |
||
| 942 |
_cBK _2ddc |
||
| 999 |
_c568096 _d568096 |
||